000 00446nam a2200133Ia 4500
008 100328s9999 xx 000 0 und d
082 _b30561
100 _aरेटर नाना
245 _aभाव-नाट्य अर्थात नकला
260 _bपुजा
630 _aभाव-नाट्य अर्थात नकला
730 _aभाव-नाट्य अर्थात नकला
942 _cBOOK
999 _c521531
_d521528